2026 Winter Olympics Milan and Cortina, Italy - Statistics

General Stats
  • This quiz has been taken 20 times
  • The average score is 25 of 29
Answer Stats
Total Gold Silver Bronze Nation % Correct
18 5 8 5 Austria
100%
1 1 0 0 Brazil
100%
30 10 6 14 Italy
100%
41 18 12 11 Norway
100%
18 8 6 4 Sweden
100%
33 12 12 9 United States
100%
21 5 7 9 Canada
94%
15 5 4 6 China
94%
23 8 9 6 France
94%
26 8 10 8 Germany
94%
24 5 7 12 Japan
94%
20 10 7 3 Netherlands
94%
4 0 3 1 Poland
94%
10 3 4 3 South Korea
94%
23 6 9 8 Switzerland
94%
6 0 1 5 Finland
89%
5 3 1 1 Great Britain
89%
3 1 0 2 Spain
89%
6 3 2 1 Australia
83%
1 0 0 1 Belgium
83%
4 2 1 1 Slovenia
83%
5 2 2 1 Czech Republic
78%
1 0 1 0 Denmark
78%
3 0 2 1 New Zealand
78%
1 0 1 0 Estonia
67%
1 1 0 0 Kazakhstan
67%
2 0 1 1 Latvia
61%
2 0 0 2 Bulgaria
44%
1 0 1 0 Georgia
44%
No matching quizzes found
Score Distribution
Percent of People with Each Score
Percentile by Number Answered
Your Score History
You have not taken this quiz